000 00798cpcaa2200253 4500
001 mm 79001421
003 DLC
005 20260227111636.0
008 790521|||||||||||| eng
010 _amm 79001421
040 _aDLC
_cDLC
072 7 _aC
_2lcmd
100 1 _aForbes, John,
_d1710-1759.
245 0 0 _aJohn Forbes letter,
_f1758.
300 _a1
_fitem.
506 0 _aOpen to research.
533 _aTypewritten transcript.
_b[S.l.].
545 0 _aArmy officer.
546 _aCollection material in English.
580 _aForms part of: Miscellaneous Manuscripts collection.
656 7 _aArmy officers.
_2itoamc
999 _c40780
_d40780